[Event "MCRW_SF19"]
[Site "?"]
[Date "2009.06.30"]
[Round "?"]
[White "Binas, Jindrich"]
[Black "Mezera, Lukas"]
[Result "1/2-1/2"]
[WhiteElo "2200"]
[BlackElo "2262"]
[PlyCount "77"]
[EventDate "2009.??.??"]
[EventType "corr"]
[EventRounds "2"]

1. e4 c5 2. Nf3 d6 3. d4 cxd4 4. Nxd4 Nf6 5. Nc3 a6 6. f3 e5 7. Nb3 Be6 8. Be3
Be7 9. Qd2 O-O 10. O-O-O Nbd7 11. g4 b5 12. g5 b4 13. Ne2 Ne8 14. h4 a5 15. Kb1
a4 16. Nbc1 Nb6 17. Ng3 d5 18. Bxb6 Qxb6 19. exd5 Rd8 20. Bc4 Nc7 21. Qe2 Nxd5
22. Bxd5 Bxd5 23. Qxe5 Qe6 24. Rde1 Bxf3 25. Qf5 Qxf5 26. Nxf5 Bc5 27. Rhf1 Bg2
28. Rf4 Rfe8 29. Rxe8+ Rxe8 30. Nd3 Bf8 31. Kc1 a3 32. b3 h6 33. Kd2 hxg5 34.
hxg5 Be4 35. Ng3 Ba8 36. Nf5 Re4 37. Rxe4 Bxe4 38. Nd4 Be7 39. Ke3 1/2-1/2

[Event "MCRW_SF19"]
[Site "?"]
[Date "2009.06.30"]
[Round "?"]
[White "Binas, Jindrich"]
[Black "Ryska, Jiri"]
[Result "1-0"]
[WhiteElo "2200"]
[BlackElo "2174"]
[PlyCount "59"]
[EventDate "2009.??.??"]
[EventType "corr"]
[EventRounds "2"]

1. e4 e5 2. Nf3 Nf6 3. d4 Nxe4 4. Bd3 d5 5. Nxe5 Nd7 6. Nc3 Bb4 7. O-O Nxe5 8.
dxe5 Nxc3 9. bxc3 Bxc3 10. Rb1 Kf8 11. f4 h5 12. Bd2 Bd4+ 13. Kh1 h4 14. h3 a6
15. c3 Bc5 16. f5 b5 17. Qg4 f6 18. exf6 Qxf6 19. Rbe1 Qf7 20. Re6 Kg8 21. Rg6
Be7 22. Qf3 Bf6 23. Bg5 Kf8 24. Bxf6 gxf6 25. Re1 Bd7 26. Re6 Bxe6 27. fxe6
Qxe6 28. Rxf6+ Ke7 29. Rxe6+ Kxe6 30. Qf4 1-0

[Event "MCRW_SF19"]
[Site "?"]
[Date "2009.06.30"]
[Round "?"]
[White "Binas, Jindrich"]
[Black "Dlouhy, Radek"]
[Result "1/2-1/2"]
[WhiteElo "2200"]
[BlackElo "2154"]
[PlyCount "61"]
[EventDate "2009.??.??"]
[EventType "corr"]
[EventRounds "2"]

1. e4 e5 2. Nf3 Nc6 3. Bb5 a6 4. Ba4 Nf6 5. O-O Nxe4 6. d4 b5 7. Bb3 d5 8. dxe5
Be6 9. Nbd2 Nc5 10. c3 Be7 11. Bc2 Bg4 12. Re1 Qd7 13. b4 Na4 14. Bxa4 bxa4 15.
Qxa4 O-O 16. h3 Be6 17. Qd1 d4 18. cxd4 Nxd4 19. Nb3 Nxf3+ 20. Qxf3 Bxb4 21.
Rd1 Qa4 22. Bg5 h6 23. Bh4 a5 24. Qe4 g5 25. Bg3 Rfd8 26. Rxd8+ Rxd8 27. Nc5
Qe8 28. Qe3 Qc6 29. Nxe6 Qxe6 30. h4 Qg4 31. hxg5 1/2-1/2

[Event "MCRW_SF19"]
[Site "?"]
[Date "2009.06.30"]
[Round "?"]
[White "Binas, Jindrich"]
[Black "Portych, Vaclav"]
[Result "1/2-1/2"]
[WhiteElo "2200"]
[BlackElo "2157"]
[PlyCount "73"]
[EventDate "2009.??.??"]
[EventType "corr"]
[EventRounds "2"]

1. e4 c5 2. Nf3 Nc6 3. d4 cxd4 4. Nxd4 Nf6 5. Nc3 e5 6. Ndb5 d6 7. Bg5 a6 8.
Na3 b5 9. Bxf6 gxf6 10. Nd5 Bg7 11. c3 f5 12. exf5 Bxf5 13. Nc2 Be6 14. g3 O-O
15. Bg2 a5 16. O-O Rb8 17. Qh5 f5 18. Rad1 Qd7 19. Nce3 Kh8 20. g4 fxg4 21. Be4
Bg8 22. Nf5 Bf7 23. Qxg4 Be6 24. Qxg7+ Qxg7+ 25. Nxg7 Rg8 26. Ne3 Rxg7+ 27. Kh1
Nd8 28. Rxd6 Bxa2 29. Ra1 Bb3 30. Rxa5 Nb7 31. Bxb7 Rgxb7 32. Ng4 Rf7 33. Rd2
Re7 34. Ne3 Rg7 35. Nf5 Rg4 36. Ng3 Ra4 37. Rxa4 1/2-1/2

[Event "MCRW_SF19"]
[Site "?"]
[Date "2009.06.30"]
[Round "?"]
[White "Binas, Jindrich"]
[Black "Splichal, Stanislav"]
[Result "1/2-1/2"]
[WhiteElo "2200"]
[BlackElo "2197"]
[PlyCount "70"]
[EventDate "2009.??.??"]
[EventType "corr"]
[EventRounds "2"]

1. e4 c5 2. Nf3 Nc6 3. d4 cxd4 4. Nxd4 e6 5. Nc3 Qc7 6. Be2 a6 7. O-O Nf6 8.
Kh1 Nxd4 9. Qxd4 Bc5 10. Qd3 b5 11. Bg5 Bb7 12. f4 Bb4 13. Bxf6 gxf6 14. a4
Bxc3 15. bxc3 Rg8 16. g3 bxa4 17. Rxa4 Bc6 18. Ra3 Ke7 19. Qd4 Qd6 20. Qxd6+
Kxd6 21. Bf3 Ke7 22. Kg2 a5 23. Kf2 Rgb8 24. Ke3 a4 25. Kd3 d6 26. c4 Rb4 27.
f5 Rb6 28. Be2 Rab8 29. Rf4 Rb1 30. Rg4 Rh1 31. Rh4 Rh8 32. Bf3 Rb1 33. Rh5 e5
34. Rh4 h6 35. Ra2 Kf8 1/2-1/2

[Event "MCRW_SF19"]
[Site "?"]
[Date "2009.06.30"]
[Round "?"]
[White "Binas, Jindrich"]
[Black "Glaser, Karel"]
[Result "1/2-1/2"]
[WhiteElo "2200"]
[BlackElo "2257"]
[PlyCount "49"]
[EventDate "2009.??.??"]
[EventType "corr"]
[EventRounds "2"]

1. e4 e5 2. Nf3 Nc6 3. Bb5 a6 4. Ba4 Nf6 5. O-O Be7 6. Re1 b5 7. Bb3 O-O 8. c3
d6 9. h3 Na5 10. Bc2 c5 11. d4 Nd7 12. Nbd2 exd4 13. cxd4 Nc6 14. d5 Nce5 15.
Nxe5 Nxe5 16. a4 Bb7 17. f4 Ng6 18. Nf3 Re8 19. Qd3 c4 20. Qa3 Nh4 21. Bd2
Nxf3+ 22. Qxf3 Bf6 23. Qa3 Qb6+ 24. Kf1 Bd4 25. Be3 1/2-1/2

[Event "MCRW_SF19"]
[Site "?"]
[Date "2009.06.30"]
[Round "?"]
[White "Mezera, Lukas"]
[Black "Binas, Jindrich"]
[Result "1/2-1/2"]
[WhiteElo "2262"]
[BlackElo "2200"]
[PlyCount "86"]
[EventDate "2009.??.??"]
[EventType "corr"]
[EventRounds "2"]

1. e4 c5 2. Nf3 Nc6 3. d4 cxd4 4. Nxd4 Nf6 5. Nc3 e5 6. Ndb5 d6 7. Bg5 a6 8.
Na3 b5 9. Nd5 Be7 10. Bxf6 Bxf6 11. c3 Bg5 12. Nc2 Ne7 13. h4 Bh6 14. a4 bxa4
15. Ncb4 O-O 16. Qxa4 a5 17. Bb5 Nxd5 18. Nxd5 Be6 19. Bc6 Rb8 20. b4 axb4 21.
cxb4 Bxd5 22. Bxd5 Kh8 23. b5 Qb6 24. O-O f5 25. exf5 Qxb5 26. Qxb5 Rxb5 27.
Rfd1 Rb4 28. g3 g6 29. Be6 gxf5 30. Rxd6 f4 31. g4 Rd4 32. Rxd4 exd4 33. Ra7
Bg7 34. Rd7 Re8 35. Bf5 h6 36. Kg2 Kg8 37. Kf3 Bf6 38. Rd6 Kf7 39. g5 hxg5 40.
hxg5 Bxg5 41. Bg6+ Ke7 42. Rd5 Rg8 43. Rxg5 Kf6 1/2-1/2

[Event "MCRW_SF19"]
[Site "?"]
[Date "2009.06.30"]
[Round "?"]
[White "Mezera, Lukas"]
[Black "Ryska, Jiri"]
[Result "1/2-1/2"]
[WhiteElo "2262"]
[BlackElo "2174"]
[PlyCount "59"]
[EventDate "2009.??.??"]
[EventType "corr"]
[EventRounds "2"]

1. e4 c6 2. d4 d5 3. exd5 cxd5 4. c3 Nf6 5. Bf4 Nc6 6. Nf3 e6 7. Bd3 Nh5 8. Be3
Bd6 9. O-O Nf4 10. Bxf4 Bxf4 11. Re1 O-O 12. Nbd2 g6 13. Nf1 f6 14. g3 Bd6 15.
Ne3 Bd7 16. Qd2 Rc8 17. Rad1 a6 18. h4 b5 19. h5 g5 20. Qe2 Qe7 21. Ng4 Kh8 22.
Bb1 Rc7 23. a3 f5 24. Nge5 g4 25. Nh4 Nxe5 26. dxe5 Bc5 27. Ng2 Qg5 28. Nf4
Rfc8 29. Bd3 Bf8 30. Qd2 1/2-1/2

[Event "MCRW_SF19"]
[Site "?"]
[Date "2009.06.30"]
[Round "?"]
[White "Mezera, Lukas"]
[Black "Dlouhy, Radek"]
[Result "1/2-1/2"]
[WhiteElo "2262"]
[BlackElo "2154"]
[PlyCount "55"]
[EventDate "2009.??.??"]
[EventType "corr"]
[EventRounds "2"]

1. d4 Nf6 2. c4 e6 3. Nf3 d5 4. Nc3 Be7 5. Bg5 h6 6. Bh4 O-O 7. e3 b6 8. Be2
Nbd7 9. cxd5 exd5 10. O-O Bb7 11. Rc1 c5 12. dxc5 bxc5 13. Bb5 Nb6 14. Qe2 a6
15. Bd3 Re8 16. Rfd1 d4 17. exd4 cxd4 18. Nxd4 Bc5 19. Be4 Bxd4 20. Bxb7 Rxe2
21. Nxe2 g5 22. Rxd4 Qe8 23. Bxa8 Nxa8 24. Bg3 Qxe2 25. Rd8+ Kh7 26. Rxa8 Qxb2
27. Rac8 Qxa2 28. Be5 1/2-1/2

[Event "MCRW_SF19"]
[Site "?"]
[Date "2009.06.30"]
[Round "?"]
[White "Mezera, Lukas"]
[Black "Portych, Vaclav"]
[Result "1/2-1/2"]
[WhiteElo "2262"]
[BlackElo "2157"]
[PlyCount "77"]
[EventDate "2009.??.??"]
[EventType "corr"]
[EventRounds "2"]

1. d4 Nf6 2. Nf3 g6 3. c4 Bg7 4. Nc3 d5 5. cxd5 Nxd5 6. e4 Nxc3 7. bxc3 c5 8.
Rb1 O-O 9. Be2 cxd4 10. cxd4 b6 11. O-O Bb7 12. Qd3 Ba6 13. Qe3 Qd7 14. d5 Qa4
15. Bxa6 Nxa6 16. Ba3 Rfe8 17. Rfc1 Rad8 18. h3 e6 19. d6 e5 20. Qd3 Bf8 21.
Rc4 Qd7 22. Rd1 Nc5 23. Bxc5 bxc5 24. Rxc5 Re6 25. Nxe5 Qxd6 26. Rd5 Rxe5 27.
Rxd6 Rxd6 28. Qb1 Rxd1+ 29. Qxd1 Rxe4 30. g4 Re6 31. a4 a6 32. Qc2 Bd6 33. Kg2
Bf4 34. Qc4 g5 35. h4 h6 36. h5 Kh7 37. Kf3 Kg8 38. Qd5 Kg7 39. Qc5 1/2-1/2

[Event "MCRW_SF19"]
[Site "?"]
[Date "2009.06.30"]
[Round "?"]
[White "Mezera, Lukas"]
[Black "Splichal, Stanislav"]
[Result "0-1"]
[WhiteElo "2262"]
[BlackElo "2197"]
[PlyCount "72"]
[EventDate "2009.??.??"]
[EventType "corr"]
[EventRounds "2"]

1. e4 c5 2. d4 cxd4 3. c3 dxc3 4. Nxc3 Nc6 5. Nf3 e6 6. Bc4 Qc7 7. Qe2 Nf6 8.
e5 Ng4 9. Bf4 f6 10. Nb5 Qa5+ 11. Kf1 a6 12. Nd6+ Bxd6 13. exd6 Qf5 14. g3 b5
15. Bd3 Qh5 16. Rc1 f5 17. h3 Bb7 18. Bxf5 Qxf5 19. hxg4 Qxg4 20. Rh4 Qf5 21.
Ne5 Nxe5 22. Bxe5 Bf3 23. Qe3 O-O 24. Rc7 Bc6 25. f4 b4 26. Kf2 Rab8 27. g4 Qg6
28. Kg3 Rb5 29. Rh3 Rd5 30. Kh4 Rd1 31. Rxc6 dxc6 32. a4 a5 33. Bd4 c5 34. Bxc5
Rf1 35. d7 h5 36. Qe2 R1xf4 0-1

[Event "MCRW_SF19"]
[Site "?"]
[Date "2009.06.30"]
[Round "?"]
[White "Mezera, Lukas"]
[Black "Glaser, Karel"]
[Result "1/2-1/2"]
[WhiteElo "2262"]
[BlackElo "2257"]
[PlyCount "55"]
[EventDate "2009.??.??"]
[EventType "corr"]
[EventRounds "2"]

1. d4 Nf6 2. Nf3 e6 3. Bg5 h6 4. Bh4 Be7 5. Nbd2 d5 6. e3 O-O 7. Bd3 c5 8. c3
c4 9. Bc2 Nbd7 10. O-O b5 11. e4 dxe4 12. Nxe4 Bb7 13. Nxf6+ Bxf6 14. Bg3 Be7
15. Qe2 Bd5 16. Ne5 Nxe5 17. Bxe5 Bd6 18. f4 f5 19. a3 a5 20. Rfe1 Bxe5 21.
Qxe5 b4 22. axb4 axb4 23. cxb4 Rf6 24. Ra3 Rb8 25. b3 Rxb4 26. bxc4 Rxc4 27.
Bd3 Rb4 28. Rc3 1/2-1/2

[Event "MCRW_SF19"]
[Site "?"]
[Date "2009.06.30"]
[Round "?"]
[White "Ryska, Jiri"]
[Black "Binas, Jindrich"]
[Result "1-0"]
[WhiteElo "2174"]
[BlackElo "2200"]
[PlyCount "59"]
[EventDate "2009.??.??"]
[EventType "corr"]
[EventRounds "2"]

1. Nf3 c5 2. e4 d6 3. d4 cxd4 4. Bb5+ Nc6 5. Nxd4 Bd7 6. Be3 Nf6 7. Nc3 e6 8.
O-O Be7 9. f4 O-O 10. Nb3 Qc7 11. Bd3 e5 12. Qd2 exf4 13. Rxf4 Ng4 14. Nd5 Qd8
15. Rff1 Nxe3 16. Nxe7+ Qxe7 17. Qxe3 Rac8 18. c3 f5 19. Rae1 f4 20. Rxf4 Rxf4
21. Qxf4 Ne5 22. Qd2 Rf8 23. Rf1 Rxf1+ 24. Bxf1 Bc6 25. Qd4 b6 26. Nd2 Kh8 27.
Bc4 h6 28. Bd5 Bxd5 29. exd5 Ng4 30. h3 1-0

[Event "MCRW_SF19"]
[Site "?"]
[Date "2009.06.30"]
[Round "?"]
[White "Ryska, Jiri"]
[Black "Mezera, Lukas"]
[Result "0-1"]
[WhiteElo "2174"]
[BlackElo "2262"]
[PlyCount "108"]
[EventDate "2009.??.??"]
[EventType "corr"]
[EventRounds "2"]

1. d4 Nf6 2. Nf3 g6 3. Nc3 d5 4. Bf4 Bg7 5. Qd2 Ne4 6. Nxe4 dxe4 7. Ne5 Be6 8.
e3 Nd7 9. Nxd7 Qxd7 10. Qb4 O-O 11. Be2 c5 12. dxc5 Qc6 13. c3 a5 14. Qb6 a4
15. Qxc6 bxc6 16. a3 Ra5 17. O-O-O Rxc5 18. Rd2 h5 19. f3 Bd5 20. Bc7 exf3 21.
gxf3 Bh6 22. Bb6 Bxe3 23. Bxc5 Bxc5 24. Kc2 Kg7 25. c4 Be6 26. Bd3 Rb8 27. Rb1
g5 28. b4 axb3+ 29. Rxb3 Ra8 30. Kb2 f5 31. Bf1 f4 32. h3 Kf6 33. Rh2 Bf5 34.
Bd3 Bxd3 35. Rxd3 e5 36. Re2 Re8 37. Rd1 e4 38. Rde1 e3 39. Rg1 Rg8 40. Reg2
Kf5 41. Kc3 Bxa3 42. Kd3 Rd8+ 43. Kc2 Be7 44. Rd1 Ra8 45. Kb3 Rb8+ 46. Kc2 Bf6
47. Kd3 Rb3+ 48. Ke2 Rc3 49. Ke1 Rxc4 50. Kf1 Bd4 51. Rb1 c5 52. Ke1 g4 53.
hxg4+ hxg4 54. Rxg4 Rc2 0-1

[Event "MCRW_SF19"]
[Site "?"]
[Date "2009.06.30"]
[Round "?"]
[White "Ryska, Jiri"]
[Black "Dlouhy, Radek"]
[Result "0-1"]
[WhiteElo "2174"]
[BlackElo "2154"]
[PlyCount "68"]
[EventDate "2009.??.??"]
[EventType "corr"]
[EventRounds "2"]

1. Nf3 Nf6 2. d4 d5 3. Bf4 c5 4. e3 Nc6 5. dxc5 e6 6. Nbd2 Bxc5 7. Be2 Qe7 8.
Nb3 Bb6 9. Ne5 Ne4 10. O-O f6 11. Nxc6 bxc6 12. Bh5+ g6 13. Be2 e5 14. Bh6 Nd6
15. Qc1 Kf7 16. a4 a5 17. e4 Nxe4 18. Be3 d4 19. Bd2 Nd6 20. c3 Be6 21. Qd1 c5
22. cxd4 cxd4 23. Rc1 Qa7 24. Bd3 Rhc8 25. Rxc8 Rxc8 26. Re1 Kg7 27. Nc1 Nc4
28. Bxc4 Bxc4 29. b3 Ba6 30. h3 d3 31. Qf3 Rc2 32. Rd1 Qe7 33. Qe4 f5 34. Qe1
e4 0-1

[Event "MCRW_SF19"]
[Site "?"]
[Date "2009.06.30"]
[Round "?"]
[White "Ryska, Jiri"]
[Black "Portych, Vaclav"]
[Result "1/2-1/2"]
[WhiteElo "2174"]
[BlackElo "2157"]
[PlyCount "60"]
[EventDate "2009.??.??"]
[EventType "corr"]
[EventRounds "2"]

1. Nf3 Nf6 2. d4 e6 3. Bg5 Be7 4. e3 c5 5. dxc5 Qa5+ 6. Nbd2 Qxc5 7. c3 d5 8.
Bd3 Nbd7 9. O-O O-O 10. Qc2 h6 11. Bh4 e5 12. Bxf6 Bxf6 13. e4 Nb6 14. Rfe1 Be6
15. exd5 Nxd5 16. Nxe5 Nf4 17. Ndf3 Nxd3 18. Nxd3 Qf5 19. Nb4 Rad8 20. Qxf5
Bxf5 21. Rad1 Be6 22. a3 Bb3 23. Rd2 g6 24. h3 Kg7 25. Re3 Rxd2 26. Nxd2 Be6
27. Ne4 Be7 28. Nc2 a6 29. g4 Rd8 30. Nd4 Bd5 1/2-1/2

[Event "MCRW_SF19"]
[Site "?"]
[Date "2009.06.30"]
[Round "?"]
[White "Ryska, Jiri"]
[Black "Splichal, Stanislav"]
[Result "1/2-1/2"]
[WhiteElo "2174"]
[BlackElo "2197"]
[PlyCount "48"]
[EventDate "2009.??.??"]
[EventType "corr"]
[EventRounds "2"]

1. d4 Nf6 2. Nf3 e6 3. Bg5 c5 4. Nc3 Qb6 5. Rb1 d5 6. e3 Nc6 7. dxc5 Bxc5 8.
Bd3 Be7 9. O-O O-O 10. Qe2 h6 11. Bh4 Rd8 12. h3 Bd7 13. a3 Rac8 14. Bg3 a6 15.
e4 d4 16. Na2 Be8 17. e5 Nd7 18. b4 Nf8 19. Rfc1 Na7 20. c3 dxc3 21. Nxc3 Nb5
22. Nxb5 Bxb5 23. Bxb5 axb5 24. Rxc8 Rxc8 1/2-1/2

[Event "MCRW_SF19"]
[Site "?"]
[Date "2009.06.30"]
[Round "?"]
[White "Ryska, Jiri"]
[Black "Glaser, Karel"]
[Result "1/2-1/2"]
[WhiteElo "2174"]
[BlackElo "2257"]
[PlyCount "79"]
[EventDate "2009.??.??"]
[EventType "corr"]
[EventRounds "2"]

1. Nf3 Nf6 2. d4 e6 3. Bg5 h6 4. Bh4 Be7 5. Nc3 O-O 6. e4 d5 7. e5 Nfd7 8. Bxe7
Qxe7 9. Bd3 c5 10. dxc5 Nc6 11. Qe2 Qxc5 12. O-O-O Rd8 13. Rhe1 a6 14. Kb1 Qa5
15. Qe3 Qc5 16. Qf4 Qb4 17. Qxb4 Nxb4 18. a3 Nc6 19. Na2 Nc5 20. Nb4 Bd7 21.
Nxc6 bxc6 22. b3 Rdc8 23. Ka2 Rab8 24. Bf1 a5 25. Nd2 Be8 26. Rc1 Nd7 27. f4 c5
28. c4 a4 29. bxa4 Nb6 30. a5 Na4 31. Ka1 d4 32. Bd3 Ra8 33. Nb3 Nc3 34. Rc2
Ba4 35. Rb2 Kf8 36. g4 Rc7 37. h4 Bxb3 38. Rxb3 Rxa5 39. Kb2 Ra8 40. h5 1/2-1/2

[Event "MCRW_SF19"]
[Site "?"]
[Date "2009.06.30"]
[Round "?"]
[White "Dlouhy, Radek"]
[Black "Binas, Jindrich"]
[Result "1/2-1/2"]
[WhiteElo "2154"]
[BlackElo "2200"]
[PlyCount "52"]
[EventDate "2009.??.??"]
[EventType "corr"]
[EventRounds "2"]

1. d4 Nf6 2. c4 e6 3. Nc3 Bb4 4. Qc2 O-O 5. a3 Bxc3+ 6. Qxc3 b6 7. Bg5 Ba6 8.
Nf3 d6 9. e3 Nbd7 10. b4 c5 11. Nd2 h6 12. Bh4 cxd4 13. Qxd4 Qc7 14. Be2 d5 15.
O-O e5 16. Qd3 Rfc8 17. Rfc1 Bb7 18. Bf1 a5 19. cxd5 Qxc1 20. Rxc1 Rxc1 21. Nb3
e4 22. Qd2 Rb1 23. Qc2 Re1 24. Qd2 Rb1 25. Qc2 Re1 26. Qd2 Rb1 1/2-1/2

[Event "MCRW_SF19"]
[Site "?"]
[Date "2009.06.30"]
[Round "?"]
[White "Dlouhy, Radek"]
[Black "Mezera, Lukas"]
[Result "1/2-1/2"]
[WhiteElo "2154"]
[BlackElo "2262"]
[PlyCount "99"]
[EventDate "2009.??.??"]
[EventType "corr"]
[EventRounds "2"]

1. e4 e5 2. Nf3 Nc6 3. Bb5 a6 4. Ba4 Nf6 5. O-O Be7 6. Re1 b5 7. Bb3 O-O 8. c3
d6 9. h3 Bb7 10. d4 Re8 11. Ng5 Rf8 12. Nf3 Re8 13. Ng5 Rf8 14. Nf3 Nd7 15.
Nbd2 Bf6 16. Nf1 Re8 17. d5 Na5 18. Bc2 Nb6 19. b3 c6 20. c4 cxd5 21. cxd5 Bc8
22. Be3 Bd7 23. Rc1 Nb7 24. Ng3 Rc8 25. Bb1 g6 26. Rxc8 Bxc8 27. Qd2 Bd7 28.
Rc1 Na8 29. Bd3 Qb8 30. a4 Rc8 31. Rxc8+ Qxc8 32. axb5 axb5 33. b4 Bd8 34. Qe2
Nc7 35. Nh2 Qa8 36. Ng4 Qa3 37. Bd2 f6 38. Qf3 Kg7 39. Nh6 Ne8 40. h4 Kf8 41.
Qe2 Qa6 42. h5 Bb6 43. Ng4 Ke7 44. Nh2 Nd8 45. Nf3 Ng7 46. hxg6 hxg6 47. Bh6
Kf7 48. Nh4 Qa4 49. Bd2 Bd4 50. Nf3 1/2-1/2

[Event "MCRW_SF19"]
[Site "?"]
[Date "2009.06.30"]
[Round "?"]
[White "Dlouhy, Radek"]
[Black "Ryska, Jiri"]
[Result "1-0"]
[WhiteElo "2154"]
[BlackElo "2174"]
[PlyCount "21"]
[EventDate "2009.??.??"]
[EventType "corr"]
[EventRounds "2"]

1. e4 c6 2. d4 d5 3. exd5 cxd5 4. c4 Nf6 5. Nc3 Nc6 6. Nf3 Bg4 7. cxd5 Nxd5 8.
Qb3 Bxf3 9. gxf3 e5 10. Nxd5 Qxd5 11. Qxd5 1-0

[Event "MCRW_SF19"]
[Site "?"]
[Date "2009.06.30"]
[Round "?"]
[White "Dlouhy, Radek"]
[Black "Portych, Vaclav"]
[Result "1/2-1/2"]
[WhiteElo "2154"]
[BlackElo "2157"]
[PlyCount "91"]
[EventDate "2009.??.??"]
[EventType "corr"]
[EventRounds "2"]

1. d4 Nf6 2. c4 e6 3. Nf3 b6 4. g3 Bb7 5. Bg2 Be7 6. O-O O-O 7. Nc3 Ne4 8. Qc2
Nxc3 9. Qxc3 c5 10. Rd1 d6 11. b3 Bf6 12. Bb2 Nd7 13. Qc2 Qc7 14. Rd2 Rac8 15.
dxc5 bxc5 16. Rad1 d5 17. cxd5 exd5 18. e3 Rfe8 19. Ne1 Bxb2 20. Qxb2 Nf6 21.
Nd3 Ne4 22. Rc2 Qe7 23. Rdc1 Rc6 24. h4 h6 25. Kh2 Qc7 26. Nf4 Qd6 27. Rd1 Rc7
28. Rc4 f5 29. h5 Qd7 30. Qc2 Qf7 31. Bxe4 Rxe4 32. Rxe4 fxe4 33. Qc3 Rc8 34.
Qd2 c4 35. Rc1 Kh7 36. Rc2 a6 37. Qb4 Rc7 38. Kg1 Kg8 39. Rd2 Kh7 40. Kg2 Rc8
41. Qb6 Kg8 42. Kg1 Kh7 43. Qd4 cxb3 44. axb3 Qf5 45. Kh2 Qf7 46. Kg2 1/2-1/2

[Event "MCRW_SF19"]
[Site "?"]
[Date "2009.06.30"]
[Round "?"]
[White "Dlouhy, Radek"]
[Black "Splichal, Stanislav"]
[Result "1/2-1/2"]
[WhiteElo "2154"]
[BlackElo "2197"]
[PlyCount "62"]
[EventDate "2009.??.??"]
[EventType "corr"]
[EventRounds "2"]

1. e4 c5 2. c3 Nf6 3. e5 Nd5 4. d4 cxd4 5. Nf3 e6 6. cxd4 d6 7. Bc4 Nc6 8. O-O
Be7 9. Qe2 O-O 10. Qe4 dxe5 11. dxe5 b6 12. Bd3 g6 13. Bh6 Re8 14. Nbd2 Ndb4
15. Be2 Bb7 16. Rfd1 Rc8 17. a3 Nd5 18. Rac1 Nb8 19. Bb5 Bc6 20. Bxc6 Rxc6 21.
Nd4 Rxc1 22. Rxc1 Qd7 23. Qc2 Rd8 24. g3 Bc5 25. N4f3 Rc8 26. Ne4 Rc7 27. Rd1
Qc8 28. Qb3 Be7 29. Bg5 Bf8 30. Nd6 Bxd6 31. exd6 Rc5 1/2-1/2

[Event "MCRW_SF19"]
[Site "?"]
[Date "2009.06.30"]
[Round "?"]
[White "Dlouhy, Radek"]
[Black "Glaser, Karel"]
[Result "1/2-1/2"]
[WhiteElo "2154"]
[BlackElo "2257"]
[PlyCount "37"]
[EventDate "2009.??.??"]
[EventType "corr"]
[EventRounds "2"]

1. d4 Nf6 2. c4 e6 3. Nc3 d5 4. cxd5 exd5 5. Bg5 c6 6. e3 Nbd7 7. Bd3 Bd6 8.
Nf3 h6 9. Bh4 O-O 10. O-O Re8 11. Qc2 Nf8 12. Bg3 Bxg3 13. hxg3 Qd6 14. Rac1
Bg4 15. Ne5 N8d7 16. f4 Qe7 17. Rf2 Rf8 18. Rd2 Be6 19. Nf3 1/2-1/2

[Event "MCRW_SF19"]
[Site "?"]
[Date "2009.06.30"]
[Round "?"]
[White "Portych, Vaclav"]
[Black "Binas, Jindrich"]
[Result "1/2-1/2"]
[WhiteElo "2157"]
[BlackElo "2200"]
[PlyCount "76"]
[EventDate "2009.??.??"]
[EventType "corr"]
[EventRounds "2"]

1. c4 Nf6 2. Nc3 e5 3. Nf3 Nc6 4. g3 Bb4 5. Bg2 O-O 6. O-O e4 7. Ne1 Bxc3 8.
dxc3 h6 9. Nc2 Re8 10. Ne3 d6 11. Qc2 Qe7 12. Nd5 Nxd5 13. cxd5 Nb8 14. Be3 a5
15. h3 Bf5 16. b3 Nd7 17. c4 b6 18. Bd4 Ne5 19. Rfe1 Qg5 20. Qc3 Bh7 21. Rac1
h5 22. Be3 Qg6 23. Kh2 f6 24. Bd4 Re7 25. a3 Nf7 26. b4 h4 27. g4 Ne5 28. c5
axb4 29. axb4 bxc5 30. bxc5 Qf7 31. Qb3 Ree8 32. Red1 Bg6 33. cxd6 cxd6 34. Qb6
Qf8 35. Rc7 Reb8 36. Rb7 Rxb7 37. Qxb7 Qb8 38. Qe7 Qb3 1/2-1/2

[Event "MCRW_SF19"]
[Site "?"]
[Date "2009.06.30"]
[Round "?"]
[White "Portych, Vaclav"]
[Black "Mezera, Lukas"]
[Result "1/2-1/2"]
[WhiteElo "2157"]
[BlackElo "2262"]
[PlyCount "78"]
[EventDate "2009.??.??"]
[EventType "corr"]
[EventRounds "2"]

1. c4 e5 2. Nc3 Nc6 3. Nf3 Nf6 4. g3 d5 5. cxd5 Nxd5 6. Bg2 Nb6 7. O-O Be7 8.
a3 O-O 9. b4 Be6 10. d3 a5 11. b5 Nd4 12. Nd2 a4 13. Bxb7 Ra5 14. Rb1 Qe8 15.
Bg2 f6 16. h3 Nxb5 17. Rxb5 Rxb5 18. Nxb5 Qxb5 19. Qc2 c5 20. Bb2 Rd8 21. Rb1
Ba2 22. Ra1 Bb3 23. Nxb3 axb3 24. Qc1 g6 25. h4 Kg7 26. Bf3 c4 27. a4 Nxa4 28.
dxc4 Qd7 29. e3 Bc5 30. Bd5 Rb8 31. Qd2 Rb4 32. Rd1 Qg4 33. Rb1 Qf5 34. Rc1 h5
35. Kg2 Qd7 36. Rd1 Rb8 37. Rb1 Bb4 38. Qd3 Be7 39. Qd2 Bc5 1/2-1/2

[Event "MCRW_SF19"]
[Site "?"]
[Date "2009.06.30"]
[Round "?"]
[White "Portych, Vaclav"]
[Black "Ryska, Jiri"]
[Result "1/2-1/2"]
[WhiteElo "2157"]
[BlackElo "2174"]
[PlyCount "52"]
[EventDate "2009.??.??"]
[EventType "corr"]
[EventRounds "2"]

1. c4 c5 2. Nf3 g6 3. d4 cxd4 4. Nxd4 Nc6 5. e4 Bg7 6. Be3 Nh6 7. Nc3 O-O 8.
Be2 f5 9. exf5 Bxd4 10. Bxh6 Rxf5 11. O-O d6 12. Qd2 Qb6 13. Bd3 Rf7 14. Rab1
Ne5 15. Be3 Nxd3 16. Qxd3 Bxe3 17. Qxe3 Qxe3 18. fxe3 Bd7 19. Rxf7 Kxf7 20. Rd1
Bc6 21. Rf1+ Ke6 22. b3 a6 23. Ne2 Rc8 24. Nd4+ Kd7 25. Rf7 Rh8 26. h4 Be4
1/2-1/2

[Event "MCRW_SF19"]
[Site "?"]
[Date "2009.06.30"]
[Round "?"]
[White "Portych, Vaclav"]
[Black "Dlouhy, Radek"]
[Result "1/2-1/2"]
[WhiteElo "2157"]
[BlackElo "2154"]
[PlyCount "73"]
[EventDate "2009.??.??"]
[EventType "corr"]
[EventRounds "2"]

1. c4 Nf6 2. Nc3 e6 3. Nf3 d5 4. cxd5 exd5 5. d4 c6 6. Bg5 Bf5 7. Qb3 Qb6 8.
Bxf6 gxf6 9. e3 Nd7 10. Qxb6 Nxb6 11. Nh4 Be6 12. O-O-O O-O-O 13. h3 Kb8 14.
Bd3 c5 15. Ne2 c4 16. Bc2 h5 17. Nf5 h4 18. Rdg1 Bd7 19. g3 hxg3 20. Nexg3 Nc8
21. h4 Nd6 22. Nxd6 Bxd6 23. h5 Bf8 24. Nf5 b5 25. Rg3 Kc7 26. Rf3 b4 27. Bd1
Bh6 28. Kd2 Be6 29. Nxh6 Rxh6 30. Rf4 Rg8 31. Bf3 Kd6 32. Ra1 a6 33. a3 b3 34.
Rc1 f5 35. Kc3 f6 36. Rh4 Bf7 37. Rch1 1/2-1/2

[Event "MCRW_SF19"]
[Site "?"]
[Date "2009.06.30"]
[Round "?"]
[White "Portych, Vaclav"]
[Black "Splichal, Stanislav"]
[Result "1/2-1/2"]
[WhiteElo "2157"]
[BlackElo "2197"]
[PlyCount "93"]
[EventDate "2009.??.??"]
[EventType "corr"]
[EventRounds "2"]

1. c4 Nf6 2. Nc3 e6 3. Nf3 d5 4. cxd5 exd5 5. d4 Bb4 6. Bg5 Nbd7 7. Qc2 h6 8.
Bh4 c5 9. e3 O-O 10. Be2 c4 11. O-O Bxc3 12. bxc3 Re8 13. Nd2 Nb6 14. a4 a5 15.
Rfb1 Ra6 16. Bf3 Bd7 17. h3 Bc6 18. Bd1 Qd6 19. Bg3 Qe6 20. Qa2 Nc8 21. Qa3 Ne7
22. Bc2 Nf5 23. Be5 Nd7 24. Nf3 Nxe5 25. Nxe5 Nd6 26. Qc5 Rc8 27. Rb6 Be8 28.
Bf5 Rxc5 29. Bxe6 Rxb6 30. dxc5 fxe6 31. cxb6 Ne4 32. Ra3 Nd2 33. Ra1 Kf8 34.
Nf3 Ne4 35. Nd4 Ke7 36. Ra3 Bd7 37. Nb5 Nc5 38. g4 Nb3 39. Nd4 Nc5 40. f4 Kd6
41. Kg2 Ne4 42. h4 g6 43. Ne2 Bc6 44. g5 h5 45. Nd4 Bd7 46. Kf1 Kc5 47. Nf3
1/2-1/2

[Event "MCRW_SF19"]
[Site "?"]
[Date "2009.06.30"]
[Round "?"]
[White "Portych, Vaclav"]
[Black "Glaser, Karel"]
[Result "1/2-1/2"]
[WhiteElo "2157"]
[BlackElo "2257"]
[PlyCount "80"]
[EventDate "2009.??.??"]
[EventType "corr"]
[EventRounds "2"]

1. c4 Nf6 2. Nc3 e5 3. Nf3 Nc6 4. g3 Bc5 5. Bg2 O-O 6. d3 d6 7. O-O h6 8. a3 a5
9. e3 Bb6 10. b3 Bg4 11. h3 Be6 12. d4 exd4 13. exd4 Bf5 14. Be3 Ne7 15. Re1 c6
16. Ra2 Qd7 17. g4 Bh7 18. g5 hxg5 19. Bxg5 Rae8 20. Bxf6 gxf6 21. Rae2 Kg7 22.
Nh4 Bg6 23. Ne4 d5 24. Nc5 Bxc5 25. dxc5 Bh5 26. f3 Bg6 27. Qd4 Nf5 28. Nxf5+
Bxf5 29. cxd5 Rxe2 30. Rxe2 cxd5 31. b4 Re8 32. Rxe8 Qxe8 33. Kf2 Qa4 34. Qxd5
Bc8 35. Qd8 axb4 36. axb4 Qxb4 37. Qxc8 Qd2+ 38. Kg3 Qe1+ 39. Kg4 Qd2 40. Kg3
Qe1+ 1/2-1/2